| 000 | 00611nab a2200205 a 4500 | ||
|---|---|---|---|
| 005 | 20210219160646.0 | ||
| 008 | 991125s1985 mx 000 0 spa u | ||
| 035 | _aUPN01000169894 | ||
| 100 | 1 | _aRodríguez Mendoza, Norma Patricia | |
| 222 | _aINNOVACION EDUCATIVA | ||
| 245 | _aUn modelo de comunicación en la educación a distancia : una reflexión edocomunicativa | ||
| 260 | _aMéxico | ||
| 300 | _a37-51 | ||
| 362 | 0 | _a2007 Vol. 7, no. 36, ene.-feb. | |
| 653 | 0 | _aCONSTRUCTIVISMO | |
| 653 | 0 | _aINTERNET | |
| 653 | 0 | _aEDUCACION A DISTANCIA | |
| 653 | 0 | _aNUEVAS TECNOLOGIAS | |
| 905 | _aArticulo | ||
| 999 |
_c142000 _d142000 |
||